| 000 | 00346cam a22001217a 4500 | ||
|---|---|---|---|
| 008 | 180718b1965 xxu||||| |||| 00| 0 eng d | ||
| 082 | _aT19x5 On7 | ||
| 245 |
_aAsian economic development _cedited by Ceranley Onslow |
||
| 260 |
_aLondon _bAsia _c1965 |
||
| 300 | _ax,243p. | ||
| 650 | _aSoutheast Asia --Economic policy | ||
| 700 | _aOnslow, Ceranley | ||
| 999 |
_c436218 _d436218 |
||